000 00861nam a2200253 i 4500
001 15918
003 ES-MaACL
005 20230906151208.0
007 t|
008 000519s1999 sp ||||1| spa d
020 _a84-482-2279-2
080 _a75 Charris (064.3)
100 1 _aCharris.
_938130
245 1 0 _aAngel Mateo Charris
_b: Centro Cultural del Conde Duque, 11 febrero - 23 abril 2000.
260 _a[Valencia] :
_bIVAM ;
_aMadrid :
_bCentro Cultural del Conde Duque,
_c[1999]
300 _a196 p. :
_bil. col. ;
_c23 x 27 cm.
600 1 4 _aCharris-
_vExposiciones.
_938131
655 7 _2tgfbne
_9193628
_aCatálogos de exposiciones
710 2 _aInstituto Valenciano de Arte Moderno.
_95249
710 2 _aCentro Cultural del Conde Duque.
_92579
852 _aES-MaACL
_jL-22866
_bR.128174
942 _2udc
999 _c15918
_d15918